Most and Least Known US States - Statistics

General Stats
  • This quiz has been taken 30 times
    24 since last reset
  • The average score is 13 of 16
Answer Stats
Answer % Correct
Texas
100%
California
95%
Florida
95%
New York
95%
Washington
86%
Kansas
81%
Nevada
81%
Delaware
76%
Maryland
76%
Connecticut
71%
Missouri
71%
North Carolina
71%
South Carolina
71%
Iowa
67%
Nebraska
67%
Minnesota
62%
No matching quizzes found
Score Distribution
Percent of People with Each Score
Percentile by Number Answered
Your Score History
You have not taken this quiz since the last reset